| 000 | 00466nam a22001217a 4500 | ||
|---|---|---|---|
| 999 |
_c21337 _d21337 |
||
| 008 | 240905b ||||| |||| 00| 0 eng d | ||
| 100 |
_aPañares, Alice A. _eauthor. _960211 |
||
| 245 |
_aArts education in the new landscape of the 21st century / _cAlice A. Pañares. |
||
| 260 |
_aPhilippines; _bPublishers Association of the Philippines, Inc., _cJuly 2019. |
||
| 300 | _aVolume 168, pages 51-53. | ||
| 700 |
_aPañares, Alice A. _eauthor. _960211 |
||
| 942 |
_2ddc _cPER |
||